Statistics for All Eredivisie teams ever

Click here to take the quiz!

General Stats

  • This quiz has been taken 63 times
  • The average score is 25 of 51

Answer Stats

Answer% Correct
Ajax
98%
PSV
96%
Feyenoord
93%
AZ Alkmaar
89%
Sparta Rotterdam
89%
FC Utrecht
87%
NAC Breda
87%
ADO Den Haag
83%
FC Twente
83%
N.E.C
83%
FC Groningen
80%
Vitesse
80%
SC Heerenveen
74%
VVV-Venlo
72%
Heracles Almelo
70%
Excelsior
67%
Fortuna Sittard
67%
Go Ahead Eagles
67%
Roda JC Kerkrade
65%
Willem II
65%
PEC Zwolle
63%
RKC Waalwijk
63%
SC Cambuur
63%
MVV Maastricht
61%
FC Emmen
59%
FC Eindhoven
54%
De Graafschap
52%
FC Den Bosch
52%
FC Volendam
50%
FC Dordrecht
43%
FC Amsterdam
39%
Haarlem
39%
BVC Amsterdam
30%
Helmond Sport
26%
RBC Roosendaal
26%
DWS
24%
Alkmaar
22%
Veendam
20%
Wageningen
17%
SC Enschede
13%
Blauw-Wit
11%
de Volewijckers
11%
Sittardia
9%
SVV
9%
Rapid JC Heerlen
7%
Elinkwijk
4%
NOAD
4%
Xerxes
4%
BVV
2%
Dos Utrecht
2%
SHS
0%

Score Distribution

Percentile by Number Answered

Percent of People with Each Score

Your Score History

You have not taken this quiz